000 00965nam a22002657a 4500
999 _c166370
_d166370
003 dpl
005 20190722150215.0
008 190722b ||||| |||| 00| 0 eng d
010 _aB-303660
020 _a8189675036
_c175.00
035 _aB-303660
040 _aDPL
_bHN
_c0
082 _a920
_bगुप्ता
100 _aगुप्ता, कमल नयन
_9130
245 _aभारत की महान नारियाँ /
_cकमल नयन गुप्ता
246 _aBHARAT KI MAHAN NARIYAN
_bBY KAMAL NAYAN GUPTA
260 _aजयपुर
_bमाँडर्न बुक डिपो
_c2007
270 _a266,चौड़ा रास्ता , जयपुर (राज.)
_bजयपुर
300 _a156 पृष्ठ.
_c22 सेमी(सजिल्द)
650 _943067
650 _943068
650 _943069
650 _943070
942 _2ddc
_cHN
_h920
_mगुप्ता